| 000 | 00565nam a2200229Ia 4500 | ||
|---|---|---|---|
| 005 | 20230315144247.0 | ||
| 008 | 230125s9999 xx 000 0 und d | ||
| 020 | _a978-93-87925-46-5 | ||
| 041 | _aeng | ||
| 082 |
_a640.43 _bDOW |
||
| 100 |
_aDowns L J _9118596 |
||
| 245 | _aTime Management Training | ||
| 250 | _a1st Ed. | ||
| 260 |
_c2019 _bViva Books _aNew Delhi |
||
| 300 | _a178p | ||
| 500 | _aTime Management | ||
| 650 |
_aTime Management _9180650 |
||
| 700 |
_aDowns L J _9118596 |
||
| 906 | _b173.75 | ||
| 942 | _cBK | ||
| 999 |
_c96687 _d96687 |
||